| 000 | | | 04050nmc2a22002773x 450 |
| 001 | | | 366e9916-f70a-472f-9ae1-961a905e007a |
| 005 | | | 20220120111850.0 |
| 100 | ## | $a | 20211218l1929 k y0rusy50 ca |
| 101 | 0# | $a | rus |
| 102 | ## | $a | RU |
| 105 | ## | $a | a z ||||| |
| 122 | 0# | $a | d19291231 |
| 122 | 0# | $a | d19291020 |
| 200 | 1# | $a | Списки на бывших помещиков, дворян и крупных землевладельцев, подлежащих выселению из БССР в 1 и 2-ю очереди по постановлению Центральной комиссии по выселению от 20 октября 1929 г. (протоколы № 2, 4) по Полоцкому округу |
| | $j | 1929 |
| 215 | ## | $a | 22 листа |
| | $c | табл. |
| 251 | ## | $c | Дело |
| 300 | ## | $a | Заголовок дела на папке отсутствует |
| 300 | ## | $a | На папке дела дата не указана |
| 300 | ## | $a | Машинописный текст |
| 330 | ## | $a | Входит в раздел описи: 1929 год. Всесоюзный переселенческий комитет |
| 461 | #0 | $1 | 001796d4672-8a00-4986-b488-6e42273792cc |
| | $1 | 2001 |
| | $a | ЦЕНТРАЛЬНЫЙ ИСПОЛНИТЕЛЬНЫЙ КОМИТЕТ СССР (ЦИК СССР) |
| | $1 | 251 |
| | $c | Фонд |
| | $1 | 852 |
| | $j | 3316 |
| | $g | Р |
| 462 | #0 | $1 | 0011cce310e-0954-4fdc-88db-4979285f4890 |
| | $1 | 2001 |
| | $a | Финансовое Управление ЦИК СССР. 1923-1930 гг. |
| | $v | Д. 435 |
| | $1 | 251 |
| | $c | Опись |
| | $1 | 852 |
| | $j | 16 |
| | $g | а |
| 601 | 01 | $3 | RU\NLR\AUTH\880357276 |
| | $a | СССР |
| | $b | ЦИК |
| 801 | #0 | $a | RU |
| | $b | GA_RF |
| 801 | #1 | $a | RU |
| | $b | ГлавНИВЦ |
| | $c | 20211218 |
| | $2 | rusmarc |
| 801 | #2 | $a | RU |
| | $b | ПБ им. Б.Н. Ельцина |
| | $c | 20220120 |
| | $g | RCR |
| | $2 | rusmarc |
| 852 | ## | $a | ГА РФ |
| | $j | 435 |
| 937 | ## | $d | 172965453 |
| | $h | ГАРФ |
| 035 | ## | $a | RuPRLIB51064648 |
| 856 | ## | $u | http://readingroom.main.prlib.ru/item.aspx?id_node=n172965453&mode=full |